| 000 | 01481nam a22002657a 4500 | ||
|---|---|---|---|
| 005 | 20080929100926.0 | ||
| 008 | 080929t xxu||||| |||| 00| 0 hin d | ||
| 010 | _aB-281332 | ||
| 020 |
_a8183610242 _c150.00 |
||
| 035 | _aB-281332 | ||
| 035 | _aB-242189 | ||
| 035 | _aB-202079 | ||
| 037 | _bBPPD | ||
| 040 |
_aDPL _bHN |
||
| 082 | _a070.172 | ||
| 100 |
_aशुक्ला, रवीन्द्र _940375 |
||
| 245 |
_aसूचना प्रौद्योगिकी और समाचार-पत्र / _cरवीन्द्र शुक्ला |
||
| 260 |
_aनई दिल्ली _bराधाकृष्ण प्रकाशन _c2005 |
||
| 270 |
_a7/31, अंसारी रोड़, दरियागंज _bनई दिल्ली _e110002 |
||
| 300 |
_a132 पृ. _b22 सेमी (सजिल्द) |
||
| 942 |
_2ddc _cHN _h070.172 _mशुक्लार |
||
| 999 |
_c15995 _d15995 |
||